000 00563nam a22002177a 4500
003 UA-OsUOA
001 42870
007 ta
008 20090330b un ||||| |||| 00| 0 ukr d
090 _a94(477).09
_bШ79
942 _cBK
040 _aUA-OsUOA
_bukr
_cUA-OsUOA
_dUA-OsUOA
245 _aШоста конференція Закордонних Частин ОУН
300 _a80 с.
955 _a4
041 _aukr
080 _a94(477).09
260 _c1964
650 7 _a9 Географія. Біографії. Історія
_2UDC
999 _c441344
_d441344